| 000 | 00923cam a22002292 4500 | ||
|---|---|---|---|
| 001 | 0000008722 | ||
| 005 | 20151217161139.0 | ||
| 008 | 080519s xx 000 0 eng d | ||
| 020 |
_a1900862603 : _cKES 650 |
||
| 040 |
_aKABU _cKABU |
||
| 111 | 2 |
_aInstitute for Small Business Affairs Conference _cNewcastle Gateshead, U. K : _d2004 Nov. 2nd - 4th : _n27th. _@0000159414 |
|
| 245 | 1 | 0 |
_aEntrepreneurship & SME development : _bcreating opportunities: entrepreneurship & SME development in education, policy & research / _ccompiled by Margaret Hall. |
| 250 | _a ed. | ||
| 260 |
_aWetherby, U. K : _bInsitute for Small Business Affairs (ISBA), _c2004. |
||
| 300 |
_a160, ii p ; _c cm. |
||
| 500 | _aAbstracts handbook. | ||
| 650 | 0 |
_aIntrepreneurship _vConferences. _@0000169940 |
|
| 700 | 1 |
_aHall, Margaret. _@0000169939 |
|
| 908 | _a080519 | ||
| 950 | _@1 | ||
| 999 |
_c15055 _d15055 |
||